000 01029nam a22002537a 4500
001 BD-DhSAU 9078
003 BD-DhSAU
005 20181209111520.0
008 150612b2007 bg a||||r|||| 000 0 eng d
040 _aBD-DhSAU
082 _222
_a630
_bR8123
100 _aRoy, Lalita Rani
_eRegistration No. # 27470/00669
245 _aInfluence of weeding on growth and yield of rapeseed varieties /
_bMS thesis
_cby Lalita Rani Roy
260 _aSher-e- Bangla Agricultural University :
_bDepartment of Agronomy,
_c2007.
300 _ax, 73 p. :
_bill. ,
_c30 cm.
500 _aMS thesis of Department of Horticulture and Postharvest Technology, Faculty of Agriculture, Sher-e-Bangla Agricultural University, Dhaka, Bangladesh
590 _ajoy
650 _aAgronomy.
650 _aRapeseed varieties
_xWeeding
700 _aBiswas, Parimal Kanti
_eSupervisor
700 _aKarim, Md. Fazlul
_eCo-Supervisor
856 _uhttp://archive.saulibrary.edu.bd:8080/xmlui/handle/123456789/1399
942 _2ddc
_cTHESIS
999 _c9078
_d9078